000 00917nam a2200289 a 4500
001 000000385
003 DO-SdBNP
005 20220607093307.0
007 ta
008 081126s2019 dr ac r 000 0 spa d
020 _a9789945220001
040 _aDO-SdBNP
_bspa
_cBNPHU
082 _axxx
_bR426p
110 2 _aRepública Dominicana.
_bInstituto Nacional de Aguas Potables y Alcantarillados
_91282
245 1 0 _aPlan de emergencia infraestructura APS del INAPA /
_cHoracio Mazara, director ejecutivo
260 _aSanto Domingo :
_bINAPA,
_c2019.
300 _a111 p. :
_bil., retrs., grafcs. ;
_c29 cm.
590 _aInventariado, 2022 / DG
650 4 _91283
650 4 _91284
650 _91285
651 _91286
700 _aMazara, Horacio
_edirector
_981791
710 1 2 _aRepública Dominicana.
_bInstituto Nacional de Aguas Potables y Alcantarillados
_91282
910 _aDG
942 _2ddc
_cLBS1
999 _c51942
_d51942